MARC

LEADER 00000nam0a2200000 4500
001 13294
005 20231101204900.0
010 |a 3190012350 
035 |a (RuTPU)RU\TPU\book\13376 
035 |a BOOK00013444 
090 |a 13294 
100 |a 20011209d1987 m y0gery50 ba 
101 0 |a ger 
102 |a DE 
105 |a y j 000zy 
200 1 |a Richtiges Deutsch  |e Sprachubungen fur Fortgeschrittene  |f H. Kormann 
210 |a Munchen  |c Hueber Verlag  |d 1987 
215 |a 91 p. 
606 1 |a Немецкий язык  |x Для вузов  |x Пособия по грамматике  |2 stltpush  |3 (RuTPU)RU\TPU\subj\45396  |9 64638 
610 1 |a грамматика 
610 1 |a грамматические упражнения 
610 1 |a грамматические трудности 
610 1 |a грамматические ошибки 
686 |a Ш143.24-923.2  |v LBC/SL-A  |2 rubbk 
700 1 |a Kormann  |b H.  |g Hilmar 
801 0 |a RU  |b 63413507  |c 20011209  |g PSBO 
801 2 |a RU  |b 63413507  |c 20141128  |g PSBO 
942 |c BK